Manual de Funciones y Procedimientos para el programa Institucional de la Madera (PIMA)

El estudio presenta la implementación del manual de funciones y procedimientos administrativo al programa institucional de la madera, ya que esto permitirá que se regule el trabajo dentro de todos los departamentos, mediante la normalización de las actividades que debe cumplir el personal y los p...

Full description

Bibliographic Details
Main Author: Miranda Guevara, Dania Valezka
Other Authors: Tutor: Godínez Duriez, Manuel Alejandro
Format: Tesis Section = Libro
Language:Undetermined
Spanish
Published: Managua UNI 2016
Subjects:
LEADER 01267nam a2200265Ia 4500
008 240830s9999 xx 000 0 und d
040 |a BIBLIOTECA-RUPAP Mon 658.402 M672 
041 |a spa 
082 |a Mon 658.402 M672 
100 1 |a Miranda Guevara, Dania Valezka 
245 1 0 |a Manual de Funciones y Procedimientos para el programa Institucional de la Madera (PIMA) 
260 |a Managua  |b UNI  |c 2016 
300 |a 81 p. :il. 
500 |a Contiene: anexos e Incluye: CD. 
502 |a Tesis (Ingeniero Industrial)- UNI, 2016. 
520 3 |a El estudio presenta la implementación del manual de funciones y procedimientos administrativo al programa institucional de la madera, ya que esto permitirá que se regule el trabajo dentro de todos los departamentos, mediante la normalización de las actividades que debe cumplir el personal y los procesos que se deben seguir, además que esto se convierte en un sistema de control y una herramienta de organización. 
650 7 |a ORGANIZACIÓN INTERNA 
650 7 |b MANUALES ADMINISTRATIVOS 
650 7 |c ESTRUCTURA ORGANIZACIONAL 
650 7 |d PERFILES OCUPACIONALES 
650 7 |e DESCRIPCION DE CARGOS 
700 1 |a Tutor:  |b Godínez Duriez, Manuel Alejandro 
942 |c BK  |2 ddc 
991 |a TESIS 
999 |c 17278